Lessons from Amazonia : (Registro nro. 2909)

Detalles MARC
000 -CABECERA
Campo de control 00870nam a2200253 i 4500
005 - FECHA Y HORA DE LA ULTIMA TRANSACCION
Campo de control 20180803165041.0
008 - ELEMENTOS DE LONGITUD FIJA—INFORMACION GENERAL
Campo de control 140307s2001 xxu||||| |||| 00| 0 eng d
040 ## - FUENTE DE CATALOGACIÓN
Agencia catalogadora original CO-BoIAVH
Agencia transcriptora CO-BoIAVH
041 ## - IDIOMA
Código de idioma para texto/pista de sonido o título separado Inglés
044 ## - PAÍS DE PUBLICACIÓN
País de publicación Estados Unidos
082 04 - NUMERO DE CLASIFICACION DECIMAL DEWEY
Número de clasificación 577.34
Número del ítem L64l
245 00 - MENCION DE TITULO
Título Lessons from Amazonia :
Parte restante del título the ecology and conservation of a fragmented forest /
Mención de responsabilidad edited by Richard O. Bierregaard, Jr.
260 ## - PUBLICACION, DISTRIBUCION, ETC. (PIE DE IMPRENTA)
Lugar de publicación, distribución, etc. New Haven :
Nombre del editor, distribuidor, etc. Yale University Press,
Fecha de publicación, distribución, etc. 2001.
300 ## - DESCRIPCION FISICA
Extensión 478 p.
650 14 - ASIENTO SECUNDARIO DE MATERIA - TERMINO TEMATICO
Término temático o nombre geográfico como elemento de entrada Ecología
9 (RLIN) 92250
650 24 - ASIENTO SECUNDARIO DE MATERIA - TERMINO TEMATICO
Término temático o nombre geográfico como elemento de entrada Ecología forestal
9 (RLIN) 52031
650 24 - ASIENTO SECUNDARIO DE MATERIA - TERMINO TEMATICO
Término temático o nombre geográfico como elemento de entrada Ecología de la selva
9 (RLIN) 49427
650 24 - ASIENTO SECUNDARIO DE MATERIA - TERMINO TEMATICO
Término temático o nombre geográfico como elemento de entrada Conservación de bosques
9 (RLIN) 52032
700 1# - ASIENTO SECUNDARIO - NOMBRE PERSONAL
Nombre personal Gascon, Claude,
Término de relación editor.
9 (RLIN) 17767
700 1# - ASIENTO SECUNDARIO - NOMBRE PERSONAL
Nombre personal Bierregaard, Jr. Richard O.,
Término de relación editor.
9 (RLIN) 17766
700 1# - ASIENTO SECUNDARIO - NOMBRE PERSONAL
Nombre personal Lovejoy, Thomas E.,
Término de relación editor.
9 (RLIN) 10273
700 1# - ASIENTO SECUNDARIO - NOMBRE PERSONAL
Nombre personal Mesquita, Tita C.,
Término de relación editor.
9 (RLIN) 17768
942 ## - ELEMENTOS ADICIONALES (KOHA)
Tipo de ítem Libro
Sistema de clasificación Dewey Decimal Classification
Existencias
Withdrawn status Lost status Sistema de Clasificación Damaged status No para préstamo Colección Inventariado Ubicación Permanente Ubicación actual Fecha de adquisición Fuente de Valor Valor Total Checkouts Número topográfico Inventario / Código de Barras Date last seen Ejemplar Price effective from Tipo de material
    Dewey Decimal Classification     General Inventariado 2017 Bogotá Bogotá 28/08/2002 Instituto 39000.00   LB-577.34 L64l 008356 04/12/2012 Ej. 1 04/12/2012 Libro